[Event "30th 4NCL Congress"]
[Site "Daventry"]
[Date "2023.06.18"]
[Round "5"]
[Board "6"]
[White "Dairi, Ramsey"]
[Black "Ashworth, Steven M"]
[Result "1-0"]
[WhiteElo "1690"]
[BlackElo "1494"]
[PlyCount "51"]
[EventDate "2023.06.16"]
[EventRounds "5"]
[EventCountry "ENG"]

1. e4 Nf6 2. e5 Nd5 3. d4 d6 4. Nf3 Bg4 5. Be2 Nc6 6. exd6 exd6 7. O-O Be7 8. c3
Qd7 9. Nbd2 h5 10. h3 Bxh3 11. gxh3 Qxh3 12. Ne4 Qg4+ 13. Ng3 h4 14. Ng5 Qc8 15.
Bg4 Qd8 16. N3e4 Rh6 17. Nxf7 Kxf7 18. Bxh6 gxh6 19. Qb3 Qg8 20. Qxd5+ Kg7 21. Qxg8+
Rxg8 22. Be6 Rf8 23. f4 Nd8 24. Bh3 Kh7 25. Kh1 Rg8 26. Rg1  1-0

[Event "30th 4NCL Congress"]
[Site "Daventry"]
[Date "2023.06.18"]
[Round "5"]
[Board "7"]
[White "Agarwal, Amaya"]
[Black "Gunarathne, Senith"]
[Result "0-1"]
[WhiteElo "1066"]
[BlackElo "1675"]
[PlyCount "44"]
[EventDate "2023.06.16"]
[EventRounds "5"]
[EventCountry "ENG"]

1. e4 c5 2. Nc3 d6 3. f4 Nc6 4. Bc4 Nf6 5. Nf3 e6 6. d3 Be7 7. O-O O-O 8. e5 dxe5
9. fxe5 Nd5 10. Ne4 Qc7 11. Re1 Nxe5 12. Nxe5 Qxe5 13. Kh1 Qc7 14. Qf3 a6 15. Ng3
Qd7 16. h3 b5 17. Bxd5 exd5 18. c4 dxc4 19. Qxa8 Bb7 20. Qxf8+ Bxf8 21. dxc4 Qxh3+
22. Kg1 Qxg2#  0-1

[Event "30th 4NCL Congress"]
[Site "Daventry"]
[Date "2023.06.18"]
[Round "5"]
[Board "8"]
[White "Griffin-Young, Sebastian"]
[Black "Pandya, Dhairya"]
[Result "0-1"]
[WhiteElo "1458"]
[BlackElo "1646"]
[PlyCount "78"]
[EventDate "2023.06.16"]
[EventRounds "5"]
[EventCountry "ENG"]

1. d4 Nf6 2. Bf4 b6 3. e3 Bb7 4. c3 d6 5. Bd3 Bxg2 6. Qa4+ Nbd7 7. Nd2 Bxh1 8. O-O-O
Bb7 9. Ngf3 a6 10. Qb3 c5 11. e4 b5 12. e5 dxe5 13. dxe5 Bxf3 14. Nxf3 c4 15. Bxc4
bxc4 16. Qxc4 Nh5 17. e6 fxe6 18. Ng5 h6 19. Qxe6 Ne5 20. Rxd8+ Rxd8 21. Bxe5 hxg5
22. Qc6+ Kf7 23. Qc4+ e6 24. Qxa6 Be7 25. b4 Ra8 26. Qc4 Rhc8 27. Qb3 Nf4 28. Kc2
Nd5 29. a3 Rc6 30. c4 Nf6 31. c5 Bxc5 32. bxc5 Rxc5+ 33. Bc3 Rac8 34. Kb2 Rxc3 35.
Qd1 Nd5 36. Qh5+ Kf6 37. h4 Rb8+ 38. Ka2 Rc2+ 39. Ka1 Ra2+  0-1

[Event "30th 4NCL Congress"]
[Site "Daventry"]
[Date "2023.06.18"]
[Round "5"]
[Board "9"]
[White "Jerome, Stellio"]
[Black "Brown, Chris"]
[Result "1-0"]
[WhiteElo "1608"]
[BlackElo "1485"]
[PlyCount "59"]
[EventDate "2023.06.16"]
[EventRounds "5"]
[EventCountry "ENG"]

1. f4 d5 2. Nf3 g6 3. e3 Bg7 4. Be2 Nf6 5. O-O O-O 6. Qe1 c5 7. d3 Nc6 8. Nc3 d4
9. Nd1 dxe3 10. Bxe3 b6 11. Qh4 Bb7 12. f5 Nb4 13. Bh6 Nxc2 14. Bxg7 Kxg7 15. fxg6
hxg6 16. Rc1 Nd4 17. Qf2 Ng4 18. Qe1 Rh8 19. Ng5 Nxe2+ 20. Qxe2 Qd4+ 21. Nf2 Nxf2
22. Rxf2 Rae8 23. Rc4 Qd6 24. Rxf7+ Kg8 25. Rcf4 c4 26. Ne6 Rh7 27. Rxh7 Kxh7 28.
Rf7+ Kh6 29. Qe3+ Kh5 30. Qh3#  1-0

[Event "30th 4NCL Congress"]
[Site "Daventry"]
[Date "2023.06.18"]
[Round "5"]
[Board "10"]
[White "Morris, Nigel W"]
[Black "Dhingra, Kanvansh"]
[Result "0-1"]
[WhiteElo "1607"]
[BlackElo "1493"]
[PlyCount "54"]
[EventDate "2023.06.16"]
[EventRounds "5"]
[EventCountry "ENG"]

1. d4 d5 2. c4 e6 3. Nc3 f5 4. Bf4 c6 5. e3 Nf6 6. Bd3 Bd6 7. Bg3 O-O 8. Nf3 Ne4
9. Qc2 Qe7 10. O-O-O Nd7 11. Bxd6 Qxd6 12. h4 h5 13. cxd5 exd5 14. Nh2 Ndf6 15. Nf3
Ng4 16. Rdf1 a5 17. Bxe4 fxe4 18. Ng5 b5 19. Kd2 b4 20. Nd1 Ba6 21. f3 Bxf1 22. Rxf1
g6 23. f4 Rfb8 24. b3 Rc8 25. Nb2 c5 26. Rc1 Nxe3 27. dxc5 Qxf4  0-1

[Event "30th 4NCL Congress"]
[Site "Daventry"]
[Date "2023.06.18"]
[Round "5"]
[Board "11"]
[White "Gilbert, David J"]
[Black "Page, Michael"]
[Result "1-0"]
[WhiteElo "1595"]
[BlackElo "1456"]
[PlyCount "41"]
[EventDate "2023.06.16"]
[EventRounds "5"]
[EventCountry "ENG"]

1. c4 e5 2. g3 Nc6 3. Bg2 Nf6 4. Nc3 Bc5 5. a3 a5 6. e3 O-O 7. Nge2 d6 8. O-O Be6
9. d4 exd4 10. exd4 Nxd4 11. Nxd4 Bxc4 12. Re1 c6 13. Bg5 d5 14. Be3 Qb6 15. Na4
Qc7 16. Nxc5 Rfe8 17. b3 Ba6 18. Nxa6 Rxa6 19. Rc1 Qd6 20. Nf5 Qf8 21. Bc5  1-0

[Event "30th 4NCL Congress"]
[Site "Daventry"]
[Date "2023.06.18"]
[Round "5"]
[Board "12"]
[White "Bentley-Davies, Ross"]
[Black "Agarwal, Anay"]
[Result "1-0"]
[WhiteElo "1558"]
[BlackElo "1176"]
[PlyCount "97"]
[EventDate "2023.06.16"]
[EventRounds "5"]
[EventCountry "ENG"]

1. d4 d5 2. c4 c6 3. Nc3 Nf6 4. Nf3 e6 5. e3 Nbd7 6. Qc2 b6 7. Bd3 c5 8. O-O Bd6
9. cxd5 exd5 10. Re1 O-O 11. e4 dxe4 12. Nxe4 Be7 13. Bf4 Nd5 14. Bg3 Nb4 15. Qb3
cxd4 16. Rad1 a5 17. Bc4 a4 18. Bxf7+ Rxf7 19. Qc4 Ba6 20. Qxd4 Bc5 21. Nxc5 bxc5
22. Qe4 Bb5 23. Ng5 Qxg5 24. Qxa8+ Rf8 25. Re8 Qf5 26. Rde1 Nb6 27. Rxf8+ Qxf8 28.
Qe4 Bc4 29. Rd1 Bd5 30. Qh4 Nxa2 31. Bc7 a3 32. bxa3 Nc3 33. Rd3 Ne2+ 34. Kf1 Bc4
35. Rd8 Ng3+ 36. Kg1 Ne2+ 37. Kh1 Qxd8 38. Qxd8+ Kf7 39. Bxb6 Be6 40. Bxc5 Kg6 41.
Qd3+ Bf5 42. Qxe2 Kg5 43. a4 Bc8 44. a5 Bb7 45. a6 Bxa6 46. Qxa6 h5 47. Be7+ Kf4
48. Qe6 g5 49. Bd6#  1-0

[Event "30th 4NCL Congress"]
[Site "Daventry"]
[Date "2023.06.18"]
[Round "5"]
[Board "13"]
[White "Loyden, Gary"]
[Black "Pugaciauskas, Dominic"]
[Result "1-0"]
[WhiteElo "1547"]
[BlackElo "1343"]
[PlyCount "147"]
[EventDate "2023.06.16"]
[EventRounds "5"]
[EventCountry "ENG"]

1. e4 c6 2. d4 d5 3. exd5 cxd5 4. Bd3 Nc6 5. c3 Nf6 6. Bf4 Qb6 7. Qe2 e6 8. Nf3 Be7
9. h3 O-O 10. O-O Bd7 11. Qc2 Rac8 12. Qb3 Qxb3 13. axb3 Rfe8 14. b4 a6 15. Nbd2
h6 16. Nb3 Bd8 17. Nc5 Bc7 18. Be5 Bxe5 19. dxe5 Nh7 20. Nxd7 Red8 21. Nc5 Rc7 22.
Rfd1 Kh8 23. Bxh7 Kxh7 24. Nb3 f6 25. exf6 gxf6 26. Nfd4 Nxd4 27. Nxd4 Rcd7 28. Nxe6
Re8 29. Nd4 Rg8 30. Rd3 Rdg7 31. g3 h5 32. Nf5 Rd7 33. Rad1 Rgd8 34. Ne3 b6 35. Rxd5
Rxd5 36. Rxd5 Rxd5 37. Nxd5 Kg6 38. Nxb6 Kf5 39. f3 Ke5 40. Nd7+ Kf5 41. Nc5 Kg5
42. h4+ Kf5 43. Nxa6 Ke5 44. Kf2 f5 45. b5 Kd6 46. c4 Kd7 47. Ke3 Ke8 48. Kf4 Ke7
49. Kxf5 Kd6 50. Kg5 Ke7 51. Kxh5 Ke8 52. b6 Kd7 53. b7 Kd8 54. b8=R+ Kd7 55. Rb6
Ke7 56. Kg5 Kf7 57. Nb4 Ke7 58. Kf5 Kd7 59. Ke5 Kc7 60. Rh6 Kd7 61. g4 Kc7 62. Kd5
Kb7 63. Kc5 Ka7 64. Kb5 Kb7 65. Rh7+ Kc8 66. Kb6 Kd8 67. Kc6 Ke8 68. Kd6 Kf8 69.
Ke6 Kg8 70. Rb7 Kh8 71. Kf6 Kg8 72. Ra7 Kh8 73. Kg6 Kg8 74. Ra8#  1-0

[Event "30th 4NCL Congress"]
[Site "Daventry"]
[Date "2023.06.18"]
[Round "5"]
[Board "14"]
[White "Bellano, Harry"]
[Black "Kathuria, Khush"]
[Result "0-1"]
[WhiteElo "1505"]
[BlackElo "1297"]
[PlyCount "86"]
[EventDate "2023.06.16"]
[EventRounds "5"]
[EventCountry "ENG"]

1. e4 c5 2. Nf3 d6 3. c3 Nf6 4. Be2 Nc6 5. d4 cxd4 6. cxd4 g6 7. d5 Nb8 8. O-O Bg7
9. Nc3 O-O 10. Be3 Nbd7 11. Rb1 a6 12. Nd2 b5 13. b4 Bb7 14. Qb3 Rc8 15. Rfc1 Rc7
16. Rc2 Qc8 17. Rbc1 Re8 18. Nxb5 Rxc2 19. Rxc2 Qb8 20. Nc7 Rc8 21. Nxa6 Bxa6 22.
Bxa6 Rxc2 23. Qxc2 Qxb4 24. Qc4 Qa3 25. Bb5 Nf8 26. Qb3 Qc1+ 27. Nf1 Qe1 28. f3 N8d7
29. Bd2 Qa1 30. Qc2 Qd4+ 31. Be3 Qa1 32. a4 e6 33. dxe6 fxe6 34. Qc8+ Nf8 35. Bb6
d5 36. a5 dxe4 37. fxe4 Nxe4 38. Qc2 Bd4+ 39. Bxd4 Qxd4+ 40. Ne3 Qxe3+ 41. Kf1 Nd2+
42. Qxd2 Qxd2 43. a6 Qa2  0-1

[Event "30th 4NCL Congress"]
[Site "Daventry"]
[Date "2023.06.18"]
[Round "5"]
[Board "15"]
[White "Blower, Trevor R"]
[Black "Hylands, Keith A"]
[Result "0-1"]
[WhiteElo "1651"]
[BlackElo "1359"]
[PlyCount "49"]
[EventDate "2023.06.16"]
[EventRounds "5"]
[EventCountry "ENG"]

1. f4 Nc6 2. Nf3 b6 3. g3 Bb7 4. Bg2 e6 5. c3 Nf6 6. O-O Be7 7. Qc2 h5 8. d4 d5 9.
Be3 Ne4 10. Bf2 Nxf2 11. Rxf2 h4 12. Nbd2 hxg3 13. hxg3 Qd6 14. Raf1 f5 15. Ne5 Nxe5
16. fxe5 Qd7 17. g4 g6 18. c4 c5 19. cxd5 Bxd5 20. e4 Bb7 21. d5 exd5 22. exf5 gxf5
23. gxf5 O-O-O 24. e6 Qd6 25. f6  0-1

[Event "30th 4NCL Congress"]
[Site "Daventry"]
[Date "2023.06.18"]
[Round "5"]
[Board "16"]
[White "Duffell, Andrew"]
[Black "Ramanathan, Vaidy"]
[Result "1-0"]
[WhiteElo "1587"]
[BlackElo "1187"]
[PlyCount "77"]
[EventDate "2023.06.16"]
[EventRounds "5"]
[EventCountry "ENG"]

1. d4 d5 2. c4 Nf6 3. Nc3 e6 4. cxd5 Nxd5 5. e4 Nxc3 6. bxc3 c6 7. Nf3 Be7 8. Bd3
O-O 9. O-O Nd7 10. e5 Nb6 11. Re1 Nd5 12. Bd2 g6 13. Re4 f6 14. exf6 Bxf6 15. Qc2
Bg7 16. Rae1 Rf6 17. Bg5 Qd6 18. Bxf6 Bxf6 19. Ne5 Bxe5 20. dxe5 Qf8 21. Rg4 Ne7
22. h4 Bd7 23. h5 Be8 24. Re3 Kh8 25. hxg6 Nxg6 26. Bxg6 Bxg6 27. Rxg6 hxg6 28. Qxg6
Qg7 29. Rh3+ Kg8 30. Qxe6+ Qf7 31. Rg3+ Kf8 32. Rf3 Qxf3 33. gxf3 Re8 34. Qf6+ Kg8
35. e6 Rf8 36. Qg6+ Kh8 37. e7 Rg8 38. Qxg8+ Kxg8 39. e8=Q+  1-0

[Event "30th 4NCL Congress"]
[Site "Daventry"]
[Date "2023.06.18"]
[Round "5"]
[Board "17"]
[White "Dairi, Mahmoud"]
[Black "Kathuria, Dhruv"]
[Result "0-1"]
[WhiteElo "1296"]
[BlackElo "1545"]
[PlyCount "68"]
[EventDate "2023.06.16"]
[EventRounds "5"]
[EventCountry "ENG"]

1. e4 e5 2. Nf3 Nc6 3. Bc4 Bc5 4. b4 Bxb4 5. c3 Ba5 6. d4 exd4 7. O-O Nge7 8. Ng5
Ne5 9. Qb3 Nxc4 10. Qxc4 O-O 11. Qxd4 Bb6 12. Qd3 h6 13. Nh3 d6 14. Qg3 Ng6 15. Nf4
Nxf4 16. Bxf4 Qf6 17. e5 dxe5 18. Bxe5 Qg6 19. Bxc7 Qxg3 20. Bxg3 Be6 21. Na3 Rac8
22. Nb5 Bc4 23. Nd6 Bxf1 24. Nxc8 Rxc8 25. Kxf1 Rxc3 26. h3 Rc2 27. a4 f5 28. f4
Kf7 29. Be1 Ke6 30. a5 Be3 31. g3 Kd5 32. Ra3 Ke4 33. Rb3 Rh2 34. Ra3 Kf3  0-1

[Event "30th 4NCL Congress"]
[Site "Daventry"]
[Date "2023.06.18"]
[Round "5"]
[Board "19"]
[White "Mehta, Hatle"]
[Black "Bangalore Kumar, Rohith"]
[Result "1/2-1/2"]
[WhiteElo "1247"]
[BlackElo "1381"]
[PlyCount "96"]
[EventDate "2023.06.16"]
[EventRounds "5"]
[EventCountry "ENG"]

1. d4 Nf6 2. Bf4 e6 3. e3 d5 4. Nf3 c5 5. c3 Nc6 6. Bb5 Qb6 7. Bxc6+ Qxc6 8. Ne5
Qb6 9. Qb3 c4 10. Qxb6 axb6 11. h3 Nd7 12. Nxd7 Bxd7 13. O-O Be7 14. Nd2 O-O 15.
b3 b5 16. b4 Ra6 17. Nb1 Rfa8 18. a3 Bd6 19. Bxd6 Rxd6 20. g4 f6 21. Rd1 e5 22. Kh2
exd4 23. Rxd4 Rf8 24. Kg3 f5 25. Rf4 fxg4 26. Rxf8+ Kxf8 27. hxg4 Rg6 28. f3 h5 29.
Nd2 hxg4 30. f4 Rh6 31. Rg1 Rh3+ 32. Kf2 Kf7 33. Rg3 Rxg3 34. Kxg3 Kf6 35. e4 dxe4
36. Nxe4+ Kg6 37. Nc5 Bc8 38. Ne4 b6 39. Nd6 Bd7 40. Ne4 Bc6 41. Nf2 Bf3 42. Nxg4
Bxg4 43. Kxg4 Kf6 44. f5 g6 45. fxg6 Kxg6 46. Kf4 Kf6 47. Ke4 Ke6 48. Kd4 Kd6  1/2-1/2

[Event "30th 4NCL Congress"]
[Site "Daventry"]
[Date "2023.06.18"]
[Round "5"]
[Board "20"]
[White "Mehta, Zara"]
[Black "Wright, George A"]
[Result "0-1"]
[WhiteElo "983"]
[BlackElo "1413"]
[PlyCount "84"]
[EventDate "2023.06.16"]
[EventRounds "5"]
[EventCountry "ENG"]

1. d4 Nf6 2. Bf4 e6 3. e3 b6 4. Nf3 Bb7 5. Nbd2 Be7 6. Bd3 O-O 7. O-O d5 8. c3 Nbd7
9. Bg5 Rc8 10. Re1 c5 11. Qc2 c4 12. Be2 Ne4 13. Bxe7 Qxe7 14. Nxe4 dxe4 15. Ne5
Nxe5 16. dxe5 Qg5 17. Qa4 a6 18. f4 exf3 19. g3 fxe2 20. Rxe2 Qg4 21. Rf2 Qe4 22.
Kf1 Qh1+ 23. Ke2 Qxa1 24. Qd7 Qxb2+ 25. Kf1 Qb1+ 26. Ke2 Qxa2+ 27. Kf1 Qb1+ 28. Ke2
Qd3+ 29. Qxd3 cxd3+ 30. Kxd3 Rfd8+ 31. Ke2 Rxc3 32. Ke1 Rcd3 33. Re2 Rd1+ 34. Kf2
R8d2 35. Rxd2 Rxd2+ 36. Ke1 Rxh2 37. Kd1 Be4 38. Ke1 a5 39. Kd1 a4 40. Kc1 a3 41.
Kd1 a2 42. Ke1 a1=Q#  0-1

[Event "30th 4NCL Congress"]
[Site "Daventry"]
[Date "2023.06.18"]
[Round "5"]
[Board "21"]
[White "Walker, Heather Enid"]
[Black "Simmons, Michael W"]
[Result "1-0"]
[WhiteElo "1250"]
[BlackElo "1198"]
[PlyCount "75"]
[EventDate "2023.06.16"]
[EventRounds "5"]
[EventCountry "ENG"]

1. Nf3 Nf6 2. d3 d6 3. e4 g6 4. Nc3 Bg7 5. Be2 O-O 6. Bf4 Bg4 7. h3 Bxf3 8. Bxf3
Nc6 9. d4 Nh5 10. Bxh5 gxh5 11. Qxh5 Nxd4 12. O-O-O c5 13. Qg4 Kh8 14. Rhe1 Rg8 15.
Qh5 Qf8 16. e5 Ne6 17. Bg3 Rd8 18. Kb1 Nd4 19. Re4 f5 20. Rh4 Bh6 21. Bf4 Rg6 22.
Nd5 Qg7 23. Ne3 Bxf4 24. Rxf4 Qh6 25. Qxh6 Rxh6 26. Nxf5 Nxf5 27. Rxf5 Re6 28. f4
Kg7 29. Rd3 Kg6 30. Rg5+ Kf7 31. b3 Rg8 32. Rdg3 Rxg5 33. Rxg5 Rg6 34. Rf5+ Ke6 35.
g4 h5 36. Rxh5 dxe5 37. f5+ Kd5 38. fxg6  1-0

[Event "30th 4NCL Congress"]
[Site "Daventry"]
[Date "2023.06.18"]
[Round "5"]
[Board "22"]
[White "Wen, Liana"]
[Black "Gunarathne, Miheli"]
[Result "0-1"]
[WhiteElo "1242"]
[BlackElo "966"]
[PlyCount "126"]
[EventDate "2023.06.16"]
[EventRounds "5"]
[EventCountry "ENG"]

1. e4 d5 2. exd5 Nf6 3. Nf3 Nxd5 4. Be2 Nc6 5. d3 e5 6. c4 Nf6 7. Nc3 Be6 8. Bd2
Bd6 9. O-O O-O 10. Ng5 h6 11. Nxe6 fxe6 12. Bf3 Qe7 13. Re1 Qf7 14. Qe2 Nd4 15. Qe3
Nc2 16. Qe2 Nxa1 17. Rxa1 Qg6 18. Bxb7 Rab8 19. Bf3 Rxb2 20. Nd1 Rbb8 21. Ne3 e4
22. dxe4 Nxe4 23. Bh5 Qf6 24. Nc2 Nxd2 25. Qxd2 Bb4 26. Qe2 Ba5 27. Rc1 Rb7 28. Bf3
Rb2 29. Qe3 Rfb8 30. h3 Rb1 31. Rf1 R1b2 32. Qxa7 Bc3 33. Qxc7 Rb1 34. Be2 Rxf1+
35. Bxf1 Rf8 36. Qc5 Qf5 37. Qe3 Qxc2 38. Qxe6+ Kh8 39. Qb6 Be1 40. Qd6 Qxf2+ 41.
Kh2 Qg3+ 42. Qxg3 Bxg3+ 43. Kxg3 Rxf1 44. a4 Rc1 45. Kf3 Rxc4 46. a5 Ra4 47. a6 Rxa6
48. g4 g6 49. Kg3 g5 50. h4 Ra3+ 51. Kf2 gxh4 52. Ke2 Rg3 53. Kf2 Rxg4 54. Kf3 Rg7
55. Kf2 h3 56. Kf1 h2 57. Kf2 h1=Q 58. Ke3 Qf1 59. Kd4 Re7 60. Kc5 Qd1 61. Kb6 Re2
62. Ka7 Rb2 63. Ka8 Qa1#  0-1